Merriam-Webster's collegiate dictionary / (Record no. 358138)
[ view plain ]
| 000 -LEADER | |
|---|---|
| fixed length control field | 00538nam a2200205Ia 4500 |
| 008 - FIXED-LENGTH DATA ELEMENTS--GENERAL INFORMATION | |
| fixed length control field | 180628s9999 xx 000 0 und d |
| 020 ## - INTERNATIONAL STANDARD BOOK NUMBER | |
| International Standard Book Number | 978-0-87779-809-5 |
| 050 ## - LIBRARY OF CONGRESS CALL NUMBER | |
| Classification number | REF PE 1628 |
| 050 ## - LIBRARY OF CONGRESS CALL NUMBER | |
| Item number | .M47 2014 |
| 245 #0 - TITLE STATEMENT | |
| Title | Merriam-Webster's collegiate dictionary / |
| 250 ## - EDITION STATEMENT | |
| Edition statement | 11th Edition. |
| 260 ## - PUBLICATION, DISTRIBUTION, ETC. (IMPRINT) | |
| Place of publication, distribution, etc | Massachusetts : |
| 260 ## - PUBLICATION, DISTRIBUTION, ETC. (IMPRINT) | |
| Name of publisher, distributor, etc | Merriam-Webster, |
| 260 ## - PUBLICATION, DISTRIBUTION, ETC. (IMPRINT) | |
| Date of publication, distribution, etc | 2014 |
| 300 ## - PHYSICAL DESCRIPTION | |
| Extent | 1623 pages : |
| 300 ## - PHYSICAL DESCRIPTION | |
| Other physical details | illustrations ; |
| 300 ## - PHYSICAL DESCRIPTION | |
| Dimensions | 25 cm. |
| 500 ## - GENERAL NOTE | |
| General note | Includes index. |
| 650 ## - SUBJECT ADDED ENTRY--TOPICAL TERM | |
| Topical term or geographic name as entry element | English language -- Dictionaries. |
| Withdrawn status | Lost status | Damaged status | Home library | Current library | Shelving location | Date acquired | Cost, normal purchase price | Total Checkouts | Full call number | Barcode | Date last seen | Price effective from | Koha item type |
|---|---|---|---|---|---|---|---|---|---|---|---|---|---|
| South Mansfield College | South Mansfield College | Reference Section | 06/20/2018 | 1036.00 | REF PE 1628 .M47 2014 | SMC06149 | 06/28/2018 | 06/28/2018 | Books |